000 00845cam a2200253 4500
001 11742
003 BD-RjUL
005 20211208235156.0
008 140127s1972 maua b 101 0 eng
020 _a0316020508
035 _a(BD-RjUL)11791
040 _aDLC
_cDLC
_dBD-RjUL
_beng
041 _aeng
082 0 0 _a612.8042
_bBAS 1972
245 0 0 _aBasic neurochemistry /
_cedited by R. Wayne Albers... [et. al.].
260 _aBoston :
_bLittle, Brown,
_cc1972.
300 _axvii, 692 p. :
_billus. ;
_c24 cm.
500 _aDeveloped from a syllabus constructed at a Conference on Neurochemistry Curriculum held June 19-20, 1969, in New York.
504 _aIncludes bibliographies and index.
650 0 _aNeurochemistry.
_936348
700 1 _aAlbers, R. Wayne,
_q(Robert Wayne),
_eed.
_936349
942 _2ddc
_cBK
999 _c11742
_d11742